000 00637nam a2200241Ia 4500
003 OSt
005 20220918230547.0
006 a|||||r|||| 00| 0
007 ta
008 220917b |||||||| |||| 00| 0 eng d
024 _a255,982
037 _cTextual
040 _aARTS
_cARTS
_beng
041 _2eng
_aeng
082 _aX:31.6, M0
100 _aRweyemamu J F
_9152831
245 0 _aIndustrilization and income distribution in Africa
260 _aDakar
_bCodesria Senegal
_c1980
300 _a226p
_ccm.
650 _aECONOMICS
942 _hX:31.6, M0
_cTEXL
_2CC
999 _c288361
_d288361